| 000 | 00664nam a2200205Ia 4500 | ||
|---|---|---|---|
| 003 | GCL | ||
| 008 | 140319s9999 xx 000 0 ara d | ||
| 020 | _a7210286997 | ||
| 040 |
_aGCL / _cGCL |
||
| 082 | 0 | 4 |
_a709 _bا م |
| 100 | 1 | _aابوصالح الالفى | |
| 245 | 1 | 0 |
_aالموجز فى تاريخ الفن العام / _cابوصالح الالفى |
| 260 |
_aالقاهرة : _bدار نهضة مصر للطبع والنشر ، _c0 |
||
| 300 |
_a248ص،97لوحة: _bايض ؛ _c20 سم |
||
| 490 | _a | ||
| 650 | 0 | 4 | _aالفن |
| 650 | 0 | 4 | _aالفن - تاريخ ونقد |
| 650 | 0 | 4 | _aالفن - تاريخ - عصرالنهضة |
| 942 |
_2ddc _cBK |
||
| 999 |
_c41140 _d41140 |
||